000 00958cam a22002531i 4500
003 SA-RiAUC
005 20260510122640.0
008 260422s1993 su g 000r0 ara c
040 _aSA-JeALM
_bara
_cSA-RiAUC
_erda
050 4 _bA35 1993
082 0 4 _a253.902
090 _a253.902
_bز ي د
100 1 _aالزيد، عبد الله بن أحمد بن علي،
_d1370 هجري-
_eمؤلف.
245 1 0 _aأهمية الوقف وأهدافه /
_cإعداد عبد الله بن أحمد بن علي الزيد.
250 _aالطبعة الأولى.
264 1 _aالرياض :
_bدار طيبة،
_c[1993]
300 _a118 صفحة ؛
_c16 سم
336 _aنص
_btxt
_2rdacontent
_3كتاب
337 _aبدون وسيط
_bn
_2rdamedia
650 7 _aالوقف (فقه إسلامي)
_2aucsh
650 7 _aالمعاملات (فقه إسلامي)
_2aucsh
942 _2ddc
_cBOOK
_n0
949 _aSA-JeALM
_d260422
_uosman123
_n1
999 _c14880
_d14880